| 000 | 00383nam a2200133Ia 4500 | ||
|---|---|---|---|
| 008 | 220214s9999 xx 000 0 und d | ||
| 245 | 0 | _aIndian Rubber Bulletin | |
| 260 | _bAssociation of Rubber Manufacture of India | ||
| 310 | _aM | ||
| 500 | _aEnding Volume & Year: 1966, | ||
| 500 | _aMissing Volume: 1960-1962;1968-1969 | ||
| 500 | _aStarting Volume & Year: 1949, | ||
| 942 | _cBJ | ||
| 999 |
_c406 _d406 |
||